000 01658cam a22002054a 4500
005 20250605164407.0
008 250528s ||||||||||||||||||||||||d
035 _a24855
040 _aGR-AtMCL
_bgre
_dGR-AtMCL
_eAACR2
245 1 _aACSM's Resources for the Group Exercise Instructor / Second Edition
250 _a2nd
260 _bWolters Kluwer,
_c2023
300 _a276
520 _aPreface, Acknowledgements, Introduction to Group Exercise, Profile of a Group Exercise Instructor: Education and Credentials and Opportunities, Class Design, Getting Started: Questions to Ask, Group Exercise Class Formats and Exercise Selection, Exercise Intensity and Modifications, The Role of Music and Choreography, Virtual Group Exercise Classes, Leadership, Group Dynamics and Group Cohesion, Behavioral Aspects of Instruction for Adherence and Motivation, Nutrition Guidelines for Group Exercise Instructors, Instruction, Preclass Procedures, Instructional Principles of Communication and Cueing, Guidelines for Special Conditions, Professional Responsibilities, Professional Responsibilities and Legal Aspects of Group Exercise Instruction, Historical and Future Perspectives of Group Exercise, History and Benefits of Group Exercise, and How to Advanced as a Health and Fitness Professional, Cross Check System, ACM Certified Group Exercise Instructor Domains and Job Tasks, Sample Job Description, Sample Group Fitness Instructor Technical Evaluation, Effects of Various Temperatures on Human Performance, Appendices, Index.
700 1 _aBladen Teri L.
_99596
700 1 _aStenger Leslie A
_99597
942 _cBK
999 _c9692
_d9692